|
|
|
|
| LEADER |
00000nam a2200000 a 4500 |
| 001 |
vtls010681255 |
| 003 |
SK-MaSNL |
| 005 |
20260301091921.0 |
| 008 |
160610s2015 xo o e 000 0 slo |
| 015 |
|
|
|a SNBA2015/06
|
| 020 |
|
|
|a 9788080962135 (brož.)
|
| 035 |
|
|
|a C5E5632E-A0A1-475D-A874-6A71A0850331
|
| 035 |
|
|
|a urn:nbn:sk:snk-amktqn
|
| 035 |
|
|
|a urn:nbn:sk:snk-am004s27
|
| 040 |
|
|
|a SNK
|b slo
|c SNK
|e AACR2
|
| 041 |
0 |
|
|a slo
|a eng
|
| 043 |
|
|
|a e-xo---
|
| 044 |
|
|
|a xo
|c SK
|
| 072 |
|
7 |
|a 378
|x Vysoké školy
|2 konspekt
|
| 080 |
|
|
|a 378.6:62
|2 2001
|
| 080 |
|
|
|a 001.89
|2 2001
|
| 080 |
|
|
|a (437.6)
|2 2001
|
| 080 |
|
|
|a (048.8)
|2 2001
|
| 245 |
0 |
0 |
|a Výskum na MTF STU
|b prostredie vzdelávania v excelentných podmienkach fakulty
|c [zostavovateľ: Kvetoslava Rešetová]
|
| 246 |
1 |
1 |
|a Research at the STU MTF
|
| 250 |
|
|
|a 1. vyd.
|
| 260 |
|
|
|a Trnava
|b [AlumniPress]
|c c2015
|
| 300 |
|
|
|a 87 s.
|b fareb. fotogr.
|c 30 cm
|
| 366 |
|
|
|e 1500 výt.
|
| 500 |
|
|
|a Názov z obalu
|
| 500 |
|
|
|a Tir. aj angl.
|
| 500 |
|
|
|a Vydav. podľa ISBN
|
| 504 |
|
|
|a Zoz. patentov aut.
|
| 546 |
|
|
|a Súbež. názov a text v angl.
|
| 610 |
2 |
7 |
|a Slovenská technická univerzita v Bratislave.
|b Materiálovotechnologická fakulta v Trnave
|2 SNKKA
|9 76122
|
| 650 |
0 |
7 |
|a vysoké školy technické
|2 SNKPH
|9 71431
|
| 650 |
0 |
7 |
|a Technical universities
|2 SNKPHeng
|9 265533
|
| 650 |
0 |
7 |
|a výskum a vývoj
|2 SNKPH
|9 93636
|
| 650 |
0 |
7 |
|a Research and development
|2 SNKPHeng
|9 268516
|
| 651 |
|
7 |
|a Trnava (Slovensko)
|2 SNKPH
|9 19407
|
| 651 |
|
7 |
|a Trnava (Slovakia)
|2 SNKPHeng
|9 267592
|
| 655 |
|
7 |
|a prehľady
|2 SNKPH
|9 70194
|
| 655 |
|
7 |
|a Surveys
|2 SNKPHeng
|9 266058
|
| 700 |
1 |
|
|a Rešetová, Kvetoslava
|4 com
|9 275239
|
| 919 |
|
|
|a 978-80-8096-213-5
|
| 999 |
|
|
|c 672509
|d 674439
|
| 952 |
|
|
|a SNK
|b SNK
|y PREZ
|7 0
|p 17A1158681
|o snkSB 88355
|i snk2015/16608
|8 0
|0 0
|1 0
|4 0
|d 2015-05-25
|f 1
|l 0
|r 2025-05-13 00:00:00
|w 2026-02-23
|
| 952 |
|
|
|a SNK
|b SNK
|y VYP
|7 0
|p 17A1158682
|o snkSB 88355 D1
|i snk2015/16609
|8 0
|0 0
|1 0
|4 0
|d 2015-05-25
|l 0
|r 2026-02-23 19:31:18
|w 2026-02-23
|